|
|
|
|
| LEADER |
00955nam a2200361 4500 |
| 001 |
DLU110125761 |
| 005 |
##20110926 |
| 008 |
##000612s2001 njuab 001 0 eng |
| 010 |
# |
# |
|a 00055762
|
| 020 |
# |
# |
|a 0130258679
|
| 040 |
# |
# |
|a DLC
|c DLC
|d DLC
|
| 042 |
# |
# |
|a pcc
|
| 082 |
# |
# |
|a 628.1
|b HA-M
|
| 100 |
# |
# |
|a Hammer, Mark J.,
|d 1931-
|
| 245 |
# |
# |
|a Water and wastewater technology /
|c Mark J. Hammer, Mark J. Hammer, Jr.
|
| 250 |
# |
# |
|a 4th ed.
|
| 260 |
# |
# |
|a Upper Saddle River, N.J. :
|b Prentice Hall,
|c c2001.
|
| 300 |
# |
# |
|a vii, 536 p. :
|b ill., map ;
|c 27 cm.
|
| 500 |
# |
# |
|a Includes index.
|
| 650 |
# |
# |
|a Sewage disposal.
|
| 650 |
# |
# |
|a Water-supply engineering.
|
| 700 |
# |
# |
|a Hammer, Mark J.,
|d 1957-
|
| 923 |
# |
# |
|a 01/2011MT
|
| 991 |
# |
# |
|a GT
|
| 992 |
# |
# |
|a 0
|
| 994 |
# |
# |
|a KMT
|
| 900 |
# |
# |
|a True
|
| 911 |
# |
# |
|a Đào Thị Thu Huyền
|
| 925 |
# |
# |
|a G
|
| 926 |
# |
# |
|a A
|
| 927 |
# |
# |
|a SH
|
| 980 |
# |
# |
|a Thư viện Trường Đại học Đà Lạt
|